=LDR 00000nam 2200000 4500 =001 $a INLIS000000000008547 =005 $a 20260629135829 =008 $a 260629###########################0#ind## =022 ##$$a 968-602-6935-10-6 =035 ##$$a 0010-0626000174 =082 ##$$a 618 =084 ##$$a 618 ADH u =100 #$$a Adhi Pribadi =245 ##$$a Ultrasonografi Obstetri & Ginekologi $b Edisi Ke 2 $c Adhi Pribadi, Johanes C.Mose, Firman F.Wirakusumah (Penulis) =246 ##$$a =260 ##$$a Bandung $b Divisi Kedokteran Fetometernal Unpad $c 2016 =300 ##$$a 461 hlm $b Ilus $c 23 cm $d =336 ##$$a =337 ##$$a =338 ##$$a =520 #$$a - =650 #$$a bstetri dan ginekologi =700 #$$a Firman F.Wirakusumah =700 #$$a Johanes C.Mose =740 ##$$a =856 ##$$a - =Wor $a 1